Normal view MARC view
  • Coldren, L. A.

Entry Personal Name

Number of records used in: 1

001 - CONTROL NUMBER

  • control field: 18683

003 - CONTROL NUMBER IDENTIFIER

  • control field: NUST

005 - DATE AND TIME OF LATEST TRANSACTION

  • control field: 20190727065526.0

008 - FIXED-LENGTH DATA ELEMENTS

  • fixed length control field: 190727|| aca||aabn | a|a d

040 ## - CATALOGING SOURCE

  • Original cataloging agency: NUST
  • Transcribing agency: NUST

100 ## - HEADING--PERSONAL NAME

  • Personal name: Coldren, L. A.
  • Fuller form of name: (Larry A.)

670 ## - SOURCE DATA FOUND

  • Source citation: Work cat.: (NUST)0: Coldren, L. A. (Larry A.), Diode lasers and photonic integrated circuits /, 2012.
© 2023 Central Library, National University of Sciences and Technology. All Rights Reserved.